Ramdas Speaks Vol IV (Record no. 20696)

MARC details
000 -LEADER
fixed length control field 00280nam a22001217a 4500
082 ## - DEWEY DECIMAL CLASSIFICATION NUMBER
Classification number 294.543 RAM
100 ## - MAIN ENTRY--AUTHOR NAME
Author name Ramdas, Swami
245 ## - TITLE STATEMENT
Title Ramdas Speaks Vol IV
260 ## - PUBLICATION, DISTRIBUTION, ETC. (IMPRINT)
Place of publication Kasaragod, Kerala
Name of publisher Anandashram
Year of publication 1957
300 ## - PHYSICAL DESCRIPTION
Number of Pages 289
650 ## - SUBJECT ADDED ENTRY--TOPICAL TERM
Topical Term Spirituality-Hinduism
942 ## - ADDED ENTRY ELEMENTS (KOHA)
Koha item type Books
Holdings
Home library Current library Shelving location Date acquired Source of acquisition Full call number Accession Number Koha item type
Henry Martyn Institute Library Henry Martyn Institute Library General stacks 10/27/2017 Dr. Yoginder Sikand 294.543 RAM 11003575 Books
                   Copyright © 2026 | Henry Martyn Institute | Hyderabad | TS-500052 | INDIA | Implemented by hmi.edu.in
Hit-Count:

Powered by Koha